How many cities can you name in Malawi? - Statistics

General Stats
  • This quiz has been taken 74 times
  • The average score is 7 of 30
Answer Stats
Region Population Answer % Correct
Central 989,318 Lilongwe
100%
Southern 800,264 Blantyre
71%
Northern 221,272 Mzuzu
53%
Southern 105,013 Zomba
52%
Northern 61,609 Karonga
26%
Central 58,653 Kasungu
26%
Southern 53,498 Mangochi
24%
Central 36,789 Salima
24%
Southern 14,955 Monkey Bay
22%
Southern 36,308 Balaka
21%
Southern 6,114 Chikwawa
19%
Northern 17,743 Chitipa
19%
Central 30,928 Dedza
19%
Southern 36,421 Liwonde
19%
Northern 26,096 Mzimba
19%
Southern 26,844 Nsanje
19%
Northern 14,274 Nkhata Bay
17%
Central 28,350 Nkhotakota
17%
Southern 14,782 Mulanje
16%
Southern 7,843 Thyolo
16%
Central 28,011 Mchinji
14%
Southern 18,039 Mwanza
14%
Central 21,241 Ntcheu
14%
Northern 22,358 Rumphi
14%
Central 7,135 Dowa
12%
Southern 6,242 Phalombe
12%
Central 6,395 Chipoka
10%
Central 9,357 Ntchisi
10%
Southern 12,600 Luchenza
9%
Central 24,543 Mponela
9%
No matching quizzes found
Score Distribution
Percent of People with Each Score
Percentile by Number Answered
Your Score History
You have not taken this quiz